Tennis de Table : Vainqueurs Championnat du Monde - Statistiques

Statistiques générales
  • Ce quiz a été pris 7 fois
  • Le résultat moyen est 9 sur 58
Statistiques - réponses
Année Vainqueur % Correct
2019 Ma Long
71%
2017 Ma Long
71%
2015 Ma Long
71%
2023 Fan Zhendong
57%
2021 Fan Zhendong
57%
1993 Jean-Philippe Gatien
57%
2025 Wang Chuqin
57%
1997 Jan-Ove Waldner
43%
1989 Jan-Ove Waldner
43%
2009 Wang Hao
43%
2003 Werner Schlager
43%
2001 Wang Liqin
29%
1991 Jörgen Persson
29%
1995 Kong Linghui
29%
1999 Liu Guoliang
29%
2007 Wang Liqin
29%
2005 Wang Liqin
29%
2013 Zhang Jike
29%
2011 Zhang Jike
29%
1929 Fred Perry
14%
1935 Viktor Barna
14%
1933 Viktor Barna
14%
1933 Viktor Barna
14%
1932 Viktor Barna
14%
1930 Viktor Barna
14%
1951 Johnny Leach
0%
1947 Bohumil Váňa
0%
1938 Bohumil Váňa
0%
1965 Chuang Tse-Tung
0%
1963 Chuang Tse-Tung
0%
1961 Chuang Tse-Tung
0%
1953 Ferenc Sidó
0%
1983 Guo Yuehua
0%
1981 Guo Yuehua
0%
1952 Hiroji Satō
0%
1973 Hsi En-Ting
0%
1956 Ichirō Ogimura
0%
1954 Ichirō Ogimura
0%
1975 István Jónyer
0%
1987 Jiang Jialiang
0%
1985 Jiang Jialiang
0%
1949 Johnny Leach
0%
1959 Jung Kuo-Tuan
0%
1931 Miklós Szabados
0%
1977 Mitsuru Kōno
0%
1967 Nobuhiko Hasegawa
0%
1950 Richard Bergmann
0%
1948 Richard Bergmann
0%
1939 Richard Bergmann
0%
1937 Richard Bergmann
0%
1926 Roland Jacobi
0%
1979 Seiji Ono
0%
1969 Shigeo Itō
0%
1936 Stanislav Kolář
0%
1971 Stellan Bengtsson
0%
1957 Toshiaki Tanaka
0%
1955 Toshiaki Tanaka
0%
1928 Zoltán Mechlovits
0%
Aucun quiz correspondant
Distribution des résultats
% des personnes avec chaque résultat
Percentile par nombre de réponses
Votre historique - résultats
Vous n’avez pas pris ce quiz